000 00333nam a22001217a 4500
082 _a323.95491
245 _aHuman Rights /
_cEdited By Muhammad Abdul Basit
260 _aRawalpindi :
_bFederal Law House,
_c2019.
300 _a630 p. ;
_c24 cm.
942 _2ddc
_cBK
999 _c587227
_d587227